| 000 | 00396nam a22001217a 4500 | ||
|---|---|---|---|
| 008 | 230316b |||||||| |||| 00| 0 eng d | ||
| 050 | _aGN474.S3 1975 | ||
| 100 |
_aScudder,Thayer _930239 |
||
| 245 |
_aKariba studies vol ii, _bthe ecology of the Gwembe Tonga, _cThayer, Scudder |
||
| 260 |
_aNew York: _bManchester University Press _c1975. |
||
| 300 |
_axxi, _b274p; _c22cm. |
||
| 942 |
_2lcc _cMONOGRAPH |
||
| 999 |
_c131681 _d131681 |
||